00461nam a2200157Ia 4500008004100000020001800041082001700059100001900076245003500095250000700130260007000137300002800207500001900235600003400254650001500288240925s9999 xx 000 0 und d a9780071475785 a621.3822 MCM aMcmahon, David 0aSignal and Systems Demystified aNA aNew Delhi:bMcGraw Hill Education (India) Private Limitedc,2007. axiv, 326p.b0fOriginal aIncludes Index aTelecommunication Engineering aTechnology